| 000 | 00932nam a2200217Ia 4500 | ||
|---|---|---|---|
| 001 | 21611 | ||
| 005 | 20260422154141.0 | ||
| 008 | 260320s9999||||xx |||||||||||||| ||und|| | ||
| 041 | _aESP | ||
| 082 |
_a382.6 _bC14 |
||
| 100 |
_aCáceres Angulo, Luis Ernesto, _eAUT |
||
| 245 | 0 |
_a¿Cómo exportar a Brasil por la interoceánica? : _bguía práctica para exportar a uno de los mercados más grandes e importantes del mundo |
|
| 260 |
_aArequipa : _b[Editor no identificado] _c2009 |
||
| 300 |
_a190 páginas : _bdiagramas ; _c28 cm. |
||
| 650 | _aCIS | ||
| 653 | _aComercio internacional; Comercio de exportación | ||
| 654 | _aCCO | ||
| 856 |
_uhttps://itmsp.museknowledge.com/UCSP?groupID=2&action=source&sourceID=EBSCO_IP _zVéase además: Base de datos EBSCOhost |
||
| 856 |
_uhttps://itmsp.museknowledge.com/UCSP?groupID=2&action=source&sourceID=GaleIFME_IP _zVéase además: Base de datos Gale |
||
| 942 |
_cLIB _dJUS _fTRC _2ddc |
||
| 999 |
_c21611 _d21611 |
||